[Event "POL-chT 56th"]
[Site "Zakopane"]
[Date "2000.09.12"]
[Round "10"]
[White "Stein, Marcin"]
[Black "Juroszek, Tadeusz"]
[Result "1/2-1/2"]
[WhiteElo "2125"]
[BlackElo "2376"]
[PlyCount "83"]
[EventDate "2000.09.02"]
[EventType "team-tourn"]
[EventRounds "11"]
[EventCountry "POL"]
[SourceTitle "EXT 2019"]
[Source "ChessBase"]
[SourceDate "2018.10.10"]
[SourceVersion "1"]
[SourceVersionDate "2018.10.10"]
[SourceQuality "1"]
[WhiteTeam "Glogow MOK Chrobry"]
[BlackTeam "Zabrze Budosak"]
[WhiteTeamCountry "POL"]
[BlackTeamCountry "POL"]

1. Nf3 g6 2. g3 Bg7 3. Bg2 e5 4. d4 exd4 5. Nxd4 d6 6. c3 Nf6 7. Qb3 c6 8. 0-0 0-0 9. e4 Re8 10. Bg5 h6 11. Bxf6 Qxf6 12. Nd2 Nd7 13. Qc2 Nc5 14. f4 a5 15. Rae1 Qe7 16. Kh1 Bd7 17. e5 dxe5 18. fxe5 Be6 19. b3 Rad8 20. Re3 Qd7 21. Nxe6 Qxe6 22. Nf3 Qd7 23. Kg1 Re7 24. Rfe1 Rde8 25. Qe2 h5 26. Qc4 Ne6 27. Bh3 Qc7 28. Bxe6 Rxe6 29. Qd4 R6e7 30. Kf2 Rd8 31. Qc4 b5 32. Qe2 Rde8 33. c4 bxc4 34. Qxc4 Bxe5 35. Nxe5 Rxe5 36. Rxe5 Rxe5 37. Rxe5 Qxe5 38. Qxc6 Qb2+ 39. Kf3 Qxa2 40. Qc8+ Kg7 41. Qc3+ Kh7 42. Qc4 1/2-1/2

[Event "POL-chT 56th"]
[Site "Zakopane"]
[Date "2000.09.05"]
[Round "4"]
[White "Anuszkiewicz, Konrad"]
[Black "Stein, Marcin"]
[Result "1/2-1/2"]
[WhiteElo "2195"]
[BlackElo "2125"]
[PlyCount "75"]
[EventDate "2000.09.02"]
[EventType "team-tourn"]
[EventRounds "11"]
[EventCountry "POL"]
[SourceTitle "EXT 2019"]
[Source "ChessBase"]
[SourceDate "2018.10.10"]
[SourceVersion "1"]
[SourceVersionDate "2018.10.10"]
[SourceQuality "1"]
[WhiteTeam "Suwalki Hancza"]
[BlackTeam "Glogow MOK Chrobry"]
[WhiteTeamCountry "POL"]
[BlackTeamCountry "POL"]

1. d4 d5 2. c4 c6 3. cxd5 cxd5 4. Nc3 Nc6 5. Bf4 Nf6 6. e3 Bf5 7. Nf3 e6 8. Bb5 Be7 9. Ne5 Rc8 10. Nxc6 bxc6 11. Ba6 Rb8 12. Bxb8 Qxb8 13. Qe2 0-0 14. Bd3 Bxd3 15. Qxd3 Qxb2 16. Rb1 Qa3 17. Rb3 Qa5 18. 0-0 Bd6 19. Rfb1 Qd8 20. e4 dxe4 21. Nxe4 Nxe4 22. Qxe4 c5 23. dxc5 Bxc5 24. Qf4 Bb6 25. a4 Qd5 26. Rb5 Qa2 27. R5b2 Qa3 28. Qb4 Qd3 29. Qb5 Qc3 30. Qb4 Qe5 31. Rc2 Qf5 32. Rbc1 h6 33. Qb3 Qf4 34. Qc4 Qf5 35. Qe2 e5 36. Rd1 Re8 37. Rb2 Rc8 38. h3 1/2-1/2

[Event "POL-chT 56th"]
[Site "Zakopane"]
[Date "2000.09.03"]
[Round "2"]
[White "Zaskalski, Arkadiusz"]
[Black "Stein, Marcin"]
[Result "0-1"]
[WhiteElo "2211"]
[BlackElo "2125"]
[PlyCount "77"]
[EventDate "2000.09.02"]
[EventType "team-tourn"]
[EventRounds "11"]
[EventCountry "POL"]
[SourceTitle "EXT 2019"]
[Source "ChessBase"]
[SourceDate "2018.10.10"]
[SourceVersion "1"]
[SourceVersionDate "2018.10.10"]
[SourceQuality "1"]
[WhiteTeam "Rolnik Roza"]
[BlackTeam "Glogow MOK Chrobry"]
[WhiteTeamCountry "POL"]
[BlackTeamCountry "POL"]

1. c4 c6 2. Nf3 d5 3. b3 Nf6 4. g3 g6 5. Bb2 Bg7 6. Bg2 0-0 7. 0-0 Nbd7 8. d3 Re8 9. Nbd2 e5 10. cxd5 Nxd5 11. Nc4 Qc7 12. Rc1 N5b6 13. Rc2 Nxc4 14. bxc4 Nb6 15. c5 Nd5 16. e4 Nb4 17. Rc4 Na6 18. Qa1 Bg4 19. Rd1 Rad8 20. h3 Bc8 21. d4 Be6 22. Rcc1 Bh6 23. Rc3 exd4 24. Nxd4 Qa5 25. Nxe6 Rxe6 26. Rxd8+ Qxd8 27. Qb1 Re7 28. Rd3 Rd7 29. Rxd7 Qxd7 30. Qc2 Qd2 31. Qxd2 Bxd2 32. Bd4 Bb4 33. Bf1 Nxc5 34. Bxc5 Bxc5 35. Kg2 Kf8 36. Bc4 Ke7 37. f4 f6 38. Kf3 b5 39. Bb3 0-1

[Event "Swidnica op-B"]
[Site "Swidnica"]
[Date "1999.??.??"]
[Round "9"]
[White "Stein, Marcin"]
[Black "Szczesniak, Konrad"]
[Result "1-0"]
[WhiteElo "2107"]
[BlackElo "2174"]
[PlyCount "71"]
[EventDate "1999.??.??"]
[EventType "swiss"]
[EventRounds "9"]
[EventCountry "POL"]
[SourceTitle "EXT 2001"]
[Source "ChessBase"]
[SourceDate "2000.11.22"]
[SourceVersion "1"]
[SourceVersionDate "2000.11.22"]
[SourceQuality "1"]

1. Nf3 d5 2. d4 Nf6 3. c4 e6 4. Nc3 c6 5. cxd5 exd5 6. Bg5 Be7 7. e3 0-0 8. Qc2 Nbd7 9. Bd3 Re8 10. 0-0 Nf8 11. a3 Ng6 12. Bxf6 Bxf6 13. b4 Bg4 14. Nd2 Kh8 15. h3 Bd7 16. b5 Nh4 17. bxc6 bxc6 18. Qd1 Qc8 19. Nf3 Nxg2 20. Kxg2 Bxh3+ 21. Kh1 Bxf1 22. Qxf1 c5 23. Nxd5 Bd8 24. Rc1 Re6 25. Qg2 Rh6+ 26. Kg1 Qb7 27. Ne5 f6 28. Rb1 Bb6 29. Ba6 Qxa6 30. Nf7+ Kg8 31. Nxh6+ Kf8 32. Nc7 Bxc7 33. Qxa8+ Ke7 34. Qe4+ Kf8 35. Nf5 Bd6 36. Rb8+ 1-0

[Event "POL-chT2 U18"]
[Site "Augustow"]
[Date "1996.??.??"]
[Round "?"]
[White "Plich, Adam"]
[Black "Stein, Marcin"]
[Result "1-0"]
[WhiteElo "1990"]
[BlackElo "1800"]
[PlyCount "50"]
[EventDate "1996.??.??"]
[EventType "team-tourn"]
[EventRounds "10"]
[EventCountry "POL"]
[SourceTitle "EXT 2003"]
[Source "ChessBase"]
[SourceDate "2002.11.25"]
[SourceVersion "1"]
[SourceVersionDate "2002.11.25"]
[SourceQuality "1"]

1. e4 c5 2. c3 d5 3. exd5 Qxd5 4. d4 Nc6 5. Nf3 Bg4 6. Be2 cxd4 7. cxd4 e6 8. h3 Bf5 9. Nc3 Qd7 10. 0-0 Nf6 11. Bb5 Bd6 12. Ne5 Qc7 13. Nxc6 bxc6 14. Qf3 Rc8 15. Ba4 0-0 16. Bg5 Be7 17. Rfd1 Rfd8 18. Bb3 Qa5 19. Bh4 Bg6 20. Rac1 c5 21. dxc5 Qxc5 22. Nd5 Qd6 23. Nxf6+ gxf6 24. Rxc8 Rxc8 25. Rxd6 Bxd6 1-0

[Event "POL-chT2 U18"]
[Site "Augustow"]
[Date "1996.??.??"]
[Round "?"]
[White "Stein, Marcin"]
[Black "Jedynak, Radoslaw"]
[Result "1/2-1/2"]
[WhiteElo "1800"]
[BlackElo "2140"]
[PlyCount "52"]
[EventDate "1996.??.??"]
[EventType "team-tourn"]
[EventRounds "10"]
[EventCountry "POL"]
[SourceTitle "EXT 2003"]
[Source "ChessBase"]
[SourceDate "2002.11.25"]
[SourceVersion "1"]
[SourceVersionDate "2002.11.25"]
[SourceQuality "1"]

1. d4 Nf6 2. c4 g6 3. Nc3 Bg7 4. e4 d6 5. f3 Nc6 6. Be3 0-0 7. Bd3 e5 8. d5 Nd4 9. Nge2 Nh5 10. 0-0 Nxe2+ 11. Nxe2 f5 12. exf5 Bxf5 13. Qc2 c5 14. Be4 Bxe4 15. fxe4 Qe7 16. a3 Nf6 17. Bg5 h6 18. Bh4 Qd7 19. h3 Nh5 20. b4 b6 21. b5 Nf4 22. Bg3 h5 23. Rae1 g5 24. Qd2 Rf7 25. Bh2 Raf8 26. Ng3 Rf6 1/2-1/2